Quizz Cinéma & Littérature - 30 questions - Statistiques

Statistiques générales
  • Ce quiz a été pris 51 fois
  • Le résultat moyen est 5 sur 30
Statistiques - réponses
Question Réponse % Correct
Comment s'appelle la chaîne de restaurant tenue par Gustavo Fring dans "Breaking Bad" ? Los Pollos Hermanos
47%
Dans quel pays se situe l'intrigue d'Hamlet ? Danemark
43%
Dans "Les Liaisons Dangereuses", quel est le titre de noblesse de Valmont ? Vicomte
38%
De quel dirigeant antique Marguerite Yourcenar imagine-t-elle les mémoires en 1951 ? Hadrien
36%
Dans l'Iliade, qui est le chef du camp grec lors de la Guerre de Troie ? Agamemnon
34%
Qui est le réalisateur des films "Le cuirassé Potemkine" et "Ivan le Terrible" ? Sergueï Eisenstein
28%
Dans "Crime et Châtiment", à quel personnage historique se compare Raskolnikov ? Napoléon Bonaparte
26%
Comment s'appelle le cheval de Don Quicchote, dans le roman de Cervantes ? Rossinante
23%
Dans quel roman retrouve-t-on en protagoniste Humbert Humbert ? Lolita
21%
De quelle ville "Autant en emporte le vent" raconte-t-il le siège lors de la Guerre de Sécession ? Atlanta
19%
Dans "Le Seigneur des Anneaux", comment s'appelle le père de Boromir et Faramir ? Denethor
19%
Dans le film "Invasion Los Angeles" de John Carpenter, quel objet permet aux personnages de découvrir la vraie apparence des extraterrestres ? Des lunettes
19%
Quel auteur a pris pour pseudonyme Alcofribas Nasier lors de la publication de ses livres ? François Rabelais
17%
Quel est le premier film oscarisé d'Alfred Hitchcock ? Rebecca
15%
Dans Batman, quel est le prénom de la fille de Ras Al'Ghul ? Talia
15%
Quel personnage d'hypnotiseur criminel est immortalisé par le réalisateur Fritz Lang, auquel il a consacré trois films sur près de 40 ans ? Docteur Mabuse
13%
Quelle nouvelle de Joseph Conrad a inspiré le film "Apocalypse Now" de Francis Ford Coppola ? Au cœur des ténèbres
9%
A quel genre d'horreur appartiennent les films "The Wicker Man" et "Midsommar" ? Folk
9%
Dans la mythologie du mythe de Cthulhu, comment s'appelle le messager des Other Gods ? Nyarlathotep
9%
De quelle marque est la voiture Christine, dans le roman de Stephen King ? Plymouth
9%
De quelle œuvre le personnage de Roy Batty est-il l'antagoniste ? Blade Runner
4%
Quel célèbre film de 1999 est adapté de la nouvelle "La Nouvelle Rêvée" de l'auteur autrichien Arthur Schnitzler ? Eyes Wide Shut
4%
Dans la séries Heroes, quel est le pseudonyme du meurtrier capable de voler les pouvoirs de ses victimes ? Sylar
4%
Quel est le premier classique d'animation Disney sans aucune chanson ? Taram et le chaudron magique
4%
Comment se nomme le protagoniste de l'histoire de Sleepy Hollow ? Ichabod Crane
2%
Quelle nouvelle américaine de Harlan Ellison est adaptée en jeu vidéo de point & click en 1995 ? I Have No Mouth and I Must Scream
2%
Complétez cette réplique du Samouraï de Melville : "Je ne perds jamais, ..." jamais vraiment
2%
Qui a écrit à l'origine le poème "L'Apprenti Sorcier" adapté dans Fantasia ? Johann Wolfgang von Goethe
2%
Complétez le titre de la première nouvelle du canon de Sherlock Holmes : "Un scandale en ..." Bohême
0%
Dans quelle ville fictive démarre l'histoire des Rougon-Macquart ? Plassens
0%
Aucun quiz correspondant
Distribution des résultats
% des personnes avec chaque résultat
Percentile par nombre de réponses
Votre historique - résultats
Vous n’avez pas pris ce quiz